000 00536cam a2200205ua 4500
001 7738
005 20260515114242.0
008 141222n ii |||gr||||Z||||||ben
040 _cMAIN
041 _aben
082 _a891.44
100 _aBanerjee, A. Kr.,
_eAuthor.,
245 1 _aBangla sahityer itivritta :
_bVol III /
_cBy Asit Kr. Banerjee .
250 _a3rd rev.
260 _aCalcutta:
_bDey,
_c2007.
300 _a838p.
653 _aEast Indo-European & Celtic literatures
653 _aBengali literature
942 _cBK
999 _c6854
_d6854